| 000 | 00885ntaaa2200229 4500 | ||
|---|---|---|---|
| 003 | 01 | ||
| 005 | 20251027203355.0 | ||
| 008 | 0714s1973 ag 01 | ||
| 020 | _a8430918817 | ||
| 040 |
_aAR-BaBN _bspa _cAR-BaBN _eaacr _dRIC |
||
| 100 |
_aSchleiermacher, Friedrich Daniel Ernst _9135 |
||
| 245 |
_aSobre la religión : _bdiscursos a sus menospreciadores cultivados / _cFriedrich Daniel Ernst Schleiermacher, traducido por Arsenio Ginzo Fernández |
||
| 260 |
_aMadrid : _bEd. Tecnos, _c1990 |
||
| 300 |
_a202 p. ; _c19 cm. |
||
| 490 | _aClásicos del pensamiento | ||
| 500 | _aTítulo original: Uber die religion. Reden an die Gebildeten unter ihren Verächtern | ||
| 500 | _aDonación de Tomás J. M. Mackey, 2021 | ||
| 500 | _aEd. original en alemán: 1799 | ||
| 700 |
_aGinzo Fernández, Arsenio _etraductor _937834 |
||
| 800 |
_aTruyol y Serra, Antonio _937835 |
||
| 942 | _cBK | ||
| 999 |
_c29289 _d29289 |
||